[Event "COL-ch sf"]
[Site "Pereira"]
[Date "2024.03.30"]
[Round "8"]
[White "Nieto, Agustin"]
[Black "Garcia Diaz, Juan Manuel"]
[Result "0-1"]
[WhiteElo "2069"]
[BlackElo "1882"]
[PlyCount "112"]
[EventDate "2024.03.26"]
[EventType "swiss"]
[EventRounds "11"]
[EventCountry "COL"]
[SourceTitle "CB14_2024"]
[SourceDate "2024.04.01"]
[SourceVersion "1"]
[SourceVersionDate "2024.04.01"]
[SourceQuality "1"]

1. e4 e5 2. Nf3 Nc6 3. Bc4 Nf6 4. d3 h6 5. c3 d6 6. a4 Be7 7. 0-0 0-0 8. Re1 Be6 9. Nbd2 Qd7 10. b4 a5 11. b5 Nd8 12. Qb3 c6 13. Bxe6 Nxe6 14. Nc4 Nc5 15. Qc2 cxb5 16. axb5 Qxb5 17. Be3 Ng4 18. Reb1 Nxe3 19. fxe3 Qc6 20. Nb6 Ra6 21. Nd5 Bd8 22. c4 a4 23. Rb5 Qe8 24. Ra2 Qe6 25. d4 exd4 26. exd4 Nxe4 27. Rxa4 Ng5 28. Rxa6 Nxf3+ 29. gxf3 bxa6 30. Rb1 Bf6 31. Qd3 Re8 32. f4 Qe4 33. Qxe4 Rxe4 34. Nxf6+ gxf6 35. Rd1 a5 36. Kg2 Rxf4 37. Kg3 Rf5 38. Rb1 a4 39. Rb8+ Kg7 40. Ra8 Rg5+ 41. Kf3 Rh5 42. Rxa4 Rxh2 43. Ra6 Rc2 44. Rc6 h5 45. Ke4 h4 46. Kd5 h3 47. Ra6 h2 48. Ra1 Rd2 49. c5 dxc5 50. Kxc5 Kg6 51. d5 Kg5 52. d6 Kg4 53. Kc6 Kg3 54. d7 f5 55. Ra3+ Kg4 56. Ra2 h1Q+ 0-1

[Event "COL-ch sf"]
[Site "Pereira"]
[Date "2024.03.29"]
[Round "7"]
[White "Mora Munoz, Alejandro"]
[Black "Nieto, Agustin"]
[Result "1-0"]
[WhiteElo "1990"]
[BlackElo "2069"]
[PlyCount "75"]
[EventDate "2024.03.26"]
[EventType "swiss"]
[EventRounds "11"]
[EventCountry "COL"]
[SourceTitle "CB14_2024"]
[SourceDate "2024.04.01"]
[SourceVersion "1"]
[SourceVersionDate "2024.04.01"]
[SourceQuality "1"]

1. e4 c5 2. Nf3 g6 3. d4 cxd4 4. Nxd4 Bg7 5. c4 Nc6 6. Nc2 Nf6 7. Nc3 0-0 8. Be2 d6 9. 0-0 b6 10. Bd2 Bb7 11. f3 Nd7 12. Rc1 Rc8 13. b4 a6 14. a3 e6 15. Na1 Qc7 16. Nb3 Qb8 17. Be3 f5 18. exf5 gxf5 19. f4 Ne7 20. a4 Rf6 21. a5 Rg6 22. g3 bxa5 23. Nxa5 Ba8 24. Qb3 Kh8 25. Bf3 Rg8 26. b5 Nc5 27. Qd1 Bxf3 28. Rxf3 Ne4 29. Qd3 Qa8 30. b6 Nxc3 31. b7 Qd8 32. b8Q Qxb8 33. Rxc3 Qb4 34. Ra3 e5 35. Rf1 e4 36. Qb3 Rb8 37. Rb1 Bc3 38. Qxc3+ 1-0

[Event "COL-ch sf"]
[Site "Pereira"]
[Date "2024.03.27"]
[Round "4"]
[White "Nieto, Agustin"]
[Black "Duque Vasquez, David"]
[Result "0-1"]
[WhiteElo "2069"]
[BlackElo "1875"]
[PlyCount "88"]
[EventDate "2024.03.26"]
[EventType "swiss"]
[EventRounds "11"]
[EventCountry "COL"]
[SourceTitle "CB14_2024"]
[SourceDate "2024.04.01"]
[SourceVersion "1"]
[SourceVersionDate "2024.04.01"]
[SourceQuality "1"]

1. e4 e5 2. Nf3 Nc6 3. Bc4 Nf6 4. d3 Be7 5. a4 a5 6. c3 d6 7. Qb3 0-0 8. Nbd2 h6 9. 0-0 Nh5 10. d4 Nf4 11. Bd5 Bf6 12. dxe5 Nxe5 13. Nxe5 dxe5 14. Rd1 c6 15. Bc4 Qc7 16. Nf1 Be6 17. Be3 Qe7 18. Ng3 Kh7 19. Bb6 h5 20. Rd2 h4 21. Nf1 Bg5 22. Ne3 h3 23. Bxe6 fxe6 24. Qd1 hxg2 25. Qg4 Bh6 26. Rad1 Rf6 27. Rd8 Rg6 28. Rxa8 Rxg4 29. Nxg4 Qg5 30. f3 Qh4 31. Nxe5 Qh5 32. Rxa5 Qh3 33. Re1 Bg5 34. Nf7 Bh4 35. Ra8 Kg6 36. Ne5+ Kh7 37. Nf7 Kg6 38. Ne5+ Kh7 39. Nf7 Ng6 40. Bc7 Qxf3 41. Bg3 Qxf7 42. Kxg2 Nf4+ 43. Kg1 Bxg3 44. hxg3 Qg6 0-1

[Event "COL-ch sf"]
[Site "Pereira"]
[Date "2024.03.26"]
[Round "2"]
[White "Nieto, Agustin"]
[Black "Gomez Diaz, Hector Javier"]
[Result "1-0"]
[WhiteElo "2069"]
[BlackElo "1730"]
[PlyCount "47"]
[EventDate "2024.03.26"]
[EventType "swiss"]
[EventRounds "11"]
[EventCountry "COL"]
[SourceTitle "CB14_2024"]
[SourceDate "2024.04.01"]
[SourceVersion "1"]
[SourceVersionDate "2024.04.01"]
[SourceQuality "1"]

1. e4 c5 2. d4 cxd4 3. c3 dxc3 4. Nxc3 e6 5. Nf3 Nc6 6. Bc4 a6 7. 0-0 b5 8. Bb3 Be7 9. Qe2 d6 10. Rd1 Qc7 11. Bf4 Nf6 12. h3 0-0 13. Rac1 Qb8 14. e5 dxe5 15. Nxe5 Nxe5 16. Bxe5 Qb6 17. Ne4 Nxe4 18. Qxe4 Bb7 19. Qg4 g6 20. Rc7 Rfe8 21. Rdd7 Qa5 22. Qf4 Qe1+ 23. Kh2 Bxg2 24. Kxg2 1-0

[Event "Manizales Feria op 29th"]
[Site "Manizales"]
[Date "2024.01.07"]
[Round "4"]
[White "Bermudez, Edilson Enrique"]
[Black "Nieto, Agustin"]
[Result "0-1"]
[WhiteElo "1692"]
[BlackElo "2082"]
[PlyCount "84"]
[EventDate "2024.01.05"]
[EventType "swiss"]
[EventRounds "7"]
[EventCountry "COL"]
[SourceTitle "CB02_2024"]
[SourceDate "2024.01.10"]
[SourceVersion "1"]
[SourceVersionDate "2024.01.10"]
[SourceQuality "1"]

1. d4 Nf6 2. c4 g6 3. Nc3 Bg7 4. e4 d6 5. f3 0-0 6. Be3 c5 7. d5 e6 8. Qd2 exd5 9. cxd5 a6 10. a4 Re8 11. Bh6 Nxe4 12. Nxe4 Qh4+ 13. g3 Qxh6 14. Qxh6 Bxh6 15. Kf2 Rd8 16. h4 Bg7 17. Rb1 Bf5 18. a5 Nd7 19. Ne2 b5 20. b3 Bxe4 21. fxe4 Re8 22. Bg2 Nf6 23. Nc3 Ng4+ 24. Kf3 Ne5+ 25. Ke2 c4 26. Nd1 cxb3 27. Rxb3 Nc4 28. Ne3 Nxa5 29. Ra3 Nb7 30. Nc2 Nc5 31. Re3 a5 32. Rd1 b4 33. Nd4 Bh6 34. Nb5 Bxe3 35. Kxe3 Rad8 36. Kd4 a4 37. e5 Nb3+ 38. Kc4 Rxe5 39. Kxb4 Re2 40. Bf1 Re4+ 41. Ka3 Nc5 42. Rc1 Re3+ 0-1

[Event "Manizales Feria op 29th"]
[Site "Manizales"]
[Date "2024.01.07"]
[Round "5"]
[White "Nieto, Agustin"]
[Black "Gallego, Julian Andres"]
[Result "0-1"]
[WhiteElo "2082"]
[BlackElo "2204"]
[PlyCount "58"]
[EventDate "2024.01.05"]
[EventType "swiss"]
[EventRounds "7"]
[EventCountry "COL"]
[SourceTitle "CB02_2024"]
[SourceDate "2024.01.10"]
[SourceVersion "1"]
[SourceVersionDate "2024.01.10"]
[SourceQuality "1"]

1. e4 c5 2. Nf3 e6 3. d4 cxd4 4. Nxd4 a6 5. Nc3 b5 6. Qf3 Bb7 7. a3 Nc6 8. Be3 Rc8 9. Nxc6 Bxc6 10. Qg3 Ne7 11. Bd3 Ng6 12. 0-0 Be7 13. f4 0-0 14. Rad1 Qc7 15. Qh3 Bb7 16. f5 Ne5 17. Ne2 Bc5 18. Bxc5 Qxc5+ 19. Kh1 exf5 20. b4 Qe7 21. Qxf5 g6 22. Qf4 f5 23. Qe3 Ng4 24. Qb6 fxe4 25. Qxb7 exd3 26. Qd5+ Qe6 27. Qxd3 Nf2+ 28. Rxf2 Rxf2 29. Nd4 Qd5 0-1

[Event "Manizales Feria op 29th"]
[Site "Manizales"]
[Date "2024.01.05"]
[Round "1"]
[White "Nieto, Agustin"]
[Black "Giraldo Guevara, Juan Diego"]
[Result "1-0"]
[WhiteElo "2082"]
[BlackElo "1552"]
[PlyCount "54"]
[EventDate "2024.01.05"]
[EventType "swiss"]
[EventRounds "7"]
[EventCountry "COL"]
[SourceTitle "CB02_2024"]
[SourceDate "2024.01.10"]
[SourceVersion "1"]
[SourceVersionDate "2024.01.10"]
[SourceQuality "1"]

1. Nf3 d5 2. g3 Nf6 3. Bg2 e6 4. 0-0 b6 5. c4 Bb7 6. d4 Be7 7. Nc3 0-0 8. cxd5 exd5 9. Bf4 Nbd7 10. Rc1 a6 11. Qd3 Re8 12. Ne5 Bd6 13. Nxd7 Qxd7 14. e3 Ne4 15. Ne2 Rac8 16. Rfd1 Bc6 17. Bxd6 Qxd6 18. Qc2 Bd7 19. Nf4 Bf5 20. Qc6 Red8 21. a3 a5 22. Qb5 Qd7 23. Qxd7 Rxd7 24. Rc6 Rd6 25. Rxd6 cxd6 26. Nxd5 Kf8 27. f3 Ng5 1-0